000 00545nam a2200193 4500
001 119815
003 ES-MaACL
005 20250911062652.0
007 t|
008 070214s1969 sp r ||||1| spa d
100 1 _aPinilla, Ramiro.
_992137
245 1 0 _aEn el tiempo de los tallos verdes /
_cRamiro Pinilla.
260 _aBarcelona :
_bDestino,
_c1969.
300 _a473 p. ;
_c18 cm.
490 1 _aAncora y delfín ;
_v317
830 0 0 _aÁncora y Delfín
_v317
_9151298
852 _aES-MaACL
_jC-40191
_bR.72040
999 _c119815
_d119815